000 00588nam a22001697a 4500
005 20231110072524.0
008 231110b |||||||| |||| 00| 0 eng d
041 _aEnglish
082 _a346.1 SPI
100 _aSpiro, E
_lEnglish
245 _aThe Children's Act 1960 (Act No.33 of 1960) as Amended :
_bBeing a Companion Work to Spiro's Law of Parent and Child /
_cE Spiro
250 _aSecond Edition
260 _aCape Town :
_bJuta and Company Ltd,
_c1965
300 _bxi, 337 pages ;
_c26 cm.
650 _aLegal practice
_bLaw
942 _cBK
_6ALISON_BN_VRIES
999 _c511
_d511